000 00744nam a22002297a 4500
003 0
005 20250926160408.0
008 250926b xxu||||| |||| 00| 0 eng d
020 _a978-93-5751-700-3
050 _aHD 1387
_b.A23 2025
100 _aAbbey, Melissa,
_eauthor.
245 _aCommercial real estate analysis and investments /
_cMelissa Abbey.
250 _aFirst edition.
260 _aNew Delhi, India :
_bRandom Publications LLP,
_c2025.
300 _aix, 234 pages :
_billustrations ;
_c24 cm.
504 _aIncludes bibliographical references and index.
650 _aReal estate investment.
650 _aReal estate business
_xFinance.
650 _aCommercial real estate.
650 _aInvestments.
942 _2lcc
_cBK
999 _c368117
_d368117